| 000 | 01176nam a22004217a 4500 | ||
|---|---|---|---|
| 005 | 20250404122750.0 | ||
| 008 | 250404b2024 |||||||| |||| 00| 0 spa d | ||
| 020 | _a9788428365215 | ||
| 041 | _aESP | ||
| 082 | _a1.1.44 A473p2 | ||
| 100 |
_aÁlvarez Gómez, Laura Cristina _950474 |
||
| 245 | _aProductos, servicios y destinos turísticos | ||
| 250 | _a2 edición | ||
| 260 | _aEspaña | ||
| 260 | _bParaninfo | ||
| 260 | _c2024 | ||
| 300 | _a159 páginas | ||
| 505 | _aIncluye ejercicios de autoevaluación | ||
| 650 | _aPRODUCTOS TURÍSTICOS | ||
| 650 | _aSERVICIOS TURÍSTICOS | ||
| 650 | _aMERCADEO TURÍSTICO | ||
| 650 | _aALOJAMIENTOS TURÍSTICOS | ||
| 650 | _aMEDIOS DE TRANSPORTE | ||
| 650 | _aASISTENCIA TURÍSTICA | ||
| 650 | _aHOTELERÍA | ||
| 650 | _aAGENCIA DE VIAJES | ||
| 650 | _aTURISMO DE PLAYA | ||
| 650 | _aTURISMO DE NATURALEZA | ||
| 650 | _aTURISMO CULTURAL | ||
| 650 | _aTURISMO RELIGIOSO | ||
| 650 | _aTURISMO PROFESIONAL | ||
| 650 | _aTURISMO DE SALUD | ||
| 650 | _aTURISMO SOCIAL | ||
| 650 | _aDESTINOS TURÍSTICOS INTERNACIONALES | ||
| 650 | _aEMPRESAS DE TRANSPORTE | ||
| 942 |
_2ddc _cBK |
||
| 999 |
_c13735 _d13735 |
||